00596nam a2200193Ia 4500003000400000005001700004008004100021020001800062040001800080041000800098082002200106245011600128250001200244260004200256300002800298650004400326650001400370650001800384OSt20220726141124.0210716s2011 xx 000 0 und d a9789350040430 cAIMIT LIBRARY aeng a005.276 21bKOGE a.Net 4.0 programming : bcovers .net 4.0 framework visual studio 2010 c# 2010 asp.net 4.0 vb 2010 and f# 2010 / a1st ed. aNew Delhi :bDreamtech Press ,c2011. axxxiv, 1761p. ;c23 cm. aGetting started with .NET framework 4.0 aThreading aThe my object